Catálogo

ESSENTIAL STATISTICAL CONCEPTS FOR THE QUALITY PROFESSIONAL (Registro nro. 58740)

Detalles MARC
000 -LEADER
fixed length control field 01108nam a2200193 a 4500
001 - CONTROL NUMBER
control field 58740
005 - DATE AND TIME OF LATEST TRANSACTION
control field 20180714055446.0
008 - FIXED-LENGTH DATA ELEMENTS--GENERAL INFORMATION
fixed length control field 140415s2012 xxu 000 0 spa d
020 ## - INTERNATIONAL STANDARD BOOK NUMBER
International Standard Book Number 9781439894576
041 ## - LANGUAGE CODE
Language code of text/sound track or separate title spa
082 ## - DEWEY DECIMAL CLASSIFICATION NUMBER
Classification number 519.5
Item number STA
100 1# - MAIN ENTRY--PERSONAL NAME
Personal name STAMATIS, D. H.
245 10 - TITLE STATEMENT
Title ESSENTIAL STATISTICAL CONCEPTS FOR THE QUALITY PROFESSIONAL
250 ## - EDITION STATEMENT
Edition statement 1a ed.
260 ## - PUBLICATION, DISTRIBUTION, ETC.
Place of publication, distribution, etc. ESTADOS UNIDOS DE AMERICA :
Name of publisher, distributor, etc. TAYLOR AND FRANCIS GROUP,
Date of publication, distribution, etc. 2012
300 ## - PHYSICAL DESCRIPTION
Extent 478
Dimensions 16 x 3 x 24
520 ## - SUMMARY, ETC.
Summary, etc. THE ESSENCE OF ANY ROOT CAUSE ANALYSIS IN OUR MODERN QUALITY THINKING IS TO GO BEYOND THE ACTUAL PROBLEM. THIS MEANS NOT ONLY DO WE HAVE TO FIX THE PROBLEM AT HAND BUT WE ALSO APPLY THE APPROPRIATE KNOWLEDGE TO AVOID THE PROBLEM IN THE FUTURE. ESSENTIAL STATISTICAL CONCEPTS FOR THE QUALITY PROFESSIONAL OFFERS A NEW NON-TECHNICAL STATISTICAL APPROACH TO QUALITY FOR EFFECTIVE IMPROVEMENT AND PRODUCTIVITY BY FOCUSING ON VERY SPECIFIC AND FUNDAMENTAL METHODOLOGIES AND TOOLS FOR THE FUTURE.
650 14 - SUBJECT ADDED ENTRY--TOPICAL TERM
Topical term or geographic name entry element CONTROL DE CALIDAD
General subdivision METODOS ESTADISTICOS
-- MATEMATICAS APLICADAS
-- MATEMATICAS
-- PROBABILIDAD
Existencias
Withdrawn status Lost status Source of classification or shelving scheme Damaged status Not for loan Collection code Home library Current library Shelving location Date acquired Source of acquisition Inventory number Total Checkouts Full call number Barcode Date last seen Price effective from Koha item type Date last checked out
    Dewey Decimal Classification     General Biblioteca Karol Wojtyla Biblioteca Karol Wojtyla Sala general 03/12/2013 Compra 151000000000000000034247   519.5 STA 88876 05/01/2026 03/12/2013 Libro  
    Dewey Decimal Classification     General Biblioteca Karol Wojtyla Biblioteca Karol Wojtyla Sala general 03/12/2013 Compra 151000000000000000034248 1 519.5 STA 88877 05/01/2026 03/12/2013 Libro 27/09/2019
    Dewey Decimal Classification     General Biblioteca Karol Wojtyla Biblioteca Karol Wojtyla Sala general 03/12/2013 Compra 151000000000000000034249   519.5 STA 88878 05/01/2026 03/12/2013 Libro